500 bows & 500 toys Quiz Stats

 Plays Quiz not verified by Sporcle

Score 0/17 Timer 03:00
0 Plays Today
Question Over (O) or Under (U) 1,000? % Correct
Highest bid for a Steiff Teddy bear at auction???
85.5%
The Price is Right episodes???
83.3%
Miles from Berlin, Germany to Bishkek, Kyrgyzstan???
82.6%
Athletes at the 2014 Winter Olympics???
80.1%
Words in Hey Jude???
78.5%
Days that bowsntoys has been a Sporcle member???
78%
World languages???
78%
Ant species???
71.6%
Comments bowsntoys has made???
71.3%
Question Over (O) or Under (U) 1,000? % Correct
U.S. Army soldiers stationed in Germany in 2015???
68.3%
Miles from mainland China to Taiwan???
68.2%
Seats in Germany's legislative body???
65.8%
AKC dog breeds???
63.8%
U.S. WWII servicemen buried in Luxembourg???
60.8%
Suits of armor made for the movie Gladiator???
48.4%
Rushing yards for Panthers QB Cam Newton during 2015 season???
47.7%
U.S. military working dogs (2016)???
34.6%

You're not logged in!

Compare scores with friends on all Sporcle quizzes.
OR
Log In

You Might Also Like...

Show Comments

Extras

Top Quizzes Today


Score Distribution

Your Account Isn't Verified!

In order to create a playlist on Sporcle, you need to verify the email address you used during registration. Go to your Sporcle Settings to finish the process.

Report this User

Report this user for behavior that violates our Community Guidelines.

Details: